[Event "Greek Team Championship"]
[Site "chess24.com"]
[Date "2017.07.03"]
[Round "1"]
[White "Skembris, Spyridon"]
[Black "Tzolas, Georgios"]
[Result "1-0"]
[Board "3"]
[WhiteElo "2386"]
[WhiteTitle "GM"]
[WhiteCountry "GRE"]
[WhiteFideId "4200020"]
[WhiteEloChange "2"]
[BlackElo "2015"]
[BlackCountry "GRE"]
[BlackFideId "4205120"]
[BlackEloChange "-2"]

1. c4 {[%clk 1:30:55]} g6 {[%clk 1:30:22]} 2. g3 {[%clk 1:31:12]} Bg7 {[%clk
1:30:37]} 3. Bg2 {[%clk 1:31:32]} d6 {[%clk 1:30:28]} 4. Nf3 {[%clk 1:30:46]} Nf6
{[%clk 1:30:02]} 5. O-O {[%clk 1:30:51]} O-O {[%clk 1:30:24]} 6. Nc3 {[%clk
1:31:12]} Nc6 {[%clk 1:29:08]} 7. d4 {[%clk 1:28:13]} a6 {[%clk 1:26:49]} 8. Bg5
{[%clk 1:19:08]} h6 {[%clk 1:24:44]} 9. Bd2 {[%clk 1:18:57]} e5 {[%clk 1:22:45]}
10. dxe5 {[%clk 1:18:22]} dxe5 {[%clk 1:21:25]} 11. Qc1 {[%clk 1:18:38]} Kh7
{[%clk 1:07:58]} 12. Rd1 {[%clk 1:17:30]} Qe7 {[%clk 1:05:20]} 13. Nd5 {[%clk
1:15:48]} Nxd5 {[%clk 1:00:48]} 14. cxd5 {[%clk 1:16:05]} Nd4 {[%clk 1:00:34]}
15. Nxd4 {[%clk 1:10:14]} exd4 {[%clk 1:01:02]} 16. Bf4 {[%clk 1:09:19]} Bg4
{[%clk 0:46:53]} 17. Bxc7 {[%clk 1:06:29]} Qxe2 {[%clk 0:37:45]} 18. Rd2 {[%clk
1:00:43]} Qb5 {[%clk 0:36:47]} 19. h3 {[%clk 1:00:38]} Bf5 {[%clk 0:31:51]} 20.
g4 {[%clk 0:59:17]} Bd7 {[%clk 0:32:00]} 21. Qd1 {[%clk 0:52:54]} f5 {[%clk
0:24:44]} 22. gxf5 {[%clk 0:41:50]} Bxf5 {[%clk 0:20:45]} 23. Qb3 {[%clk
0:41:51]} Qd7 {[%clk 0:18:35]} 24. d6 {[%clk 0:41:51]} Rae8 {[%clk 0:15:08]} 25.
Rad1 {[%clk 0:41:03]} Be4 {[%clk 0:07:51]} 26. Bxe4 {[%clk 0:39:14]} Rxe4 {[%clk
0:08:18]} 27. Qxb7 {[%clk 0:39:03]} Qf5 {[%clk 0:06:20]} 28. d7 {[%clk 0:36:53]}
Qg5+ {[%clk 0:04:09]} 29. Bg3 {[%clk 0:34:57]} Re7 {[%clk 0:02:48]} 30. Kh2
{[%clk 0:20:56]} Rd8 {[%clk 0:01:56]} 31. Rxd4 {[%clk 0:20:30]} Bxd4 {[%clk
0:02:06]} 32. Rxd4 {[%clk 0:20:59]} Qf5 {[%clk 0:02:02]} 33. Qxa6 {[%clk
0:19:23]} Rdxd7 {[%clk 0:01:49]} 34. Rxd7 {[%clk 0:18:39]} Qxd7 {[%clk 0:01:26]}
35. Qf6 {[%clk 0:13:52]} Re6 {[%clk 0:01:07]} 36. Qf3 {[%clk 0:13:34]} Rb6 {[%clk
0:00:36]} 37. b3 {[%clk 0:12:11]} h5 {[%clk 0:00:52]} 38. Qf8 {[%clk 0:10:46]}
Re6 {[%clk 0:00:45]} 39. a4 {[%clk 0:09:12]} Qb7 {[%clk 0:00:44]} 40. Bf4 {[%clk
0:39:23]} Qxb3 {[%clk 0:30:36]} 41. Qf7+ {[%clk 0:39:38]} Kh8 {[%clk 0:30:58]}
42. Be5+ {[%clk 0:39:38]} 1-0

[Event "Greek Team Championship"]
[Site "chess24.com"]
[Date "2017.07.03"]
[Round "1"]
[White "Kolomvas, Ioannis"]
[Black "Georgiev, Krum"]
[Result "1/2-1/2"]
[Board "4"]
[WhiteElo "1988"]
[WhiteCountry "GRE"]
[WhiteFideId "4219589"]
[WhiteEloChange "8"]
[BlackElo "2357"]
[BlackTitle "GM"]
[BlackCountry "BUL"]
[BlackFideId "2900092"]
[BlackEloChange "-8"]

1. e4 {[%clk 1:30:45]} c5 {[%clk 1:30:48]} 2. Nf3 {[%clk 1:30:32]} d6 {[%clk
1:31:02]} 3. Bb5+ {[%clk 1:29:54]} Nc6 {[%clk 1:30:36]} 4. O-O {[%clk 1:28:26]}
Bd7 {[%clk 1:30:07]} 5. Re1 {[%clk 1:27:11]} a6 {[%clk 1:30:05]} 6. Bxc6 {[%clk
1:25:20]} Bxc6 {[%clk 1:30:21]} 7. d4 {[%clk 1:25:44]} cxd4 {[%clk 1:30:17]} 8.
Nxd4 {[%clk 1:25:48]} Rc8 {[%clk 1:30:04]} 9. c4 {[%clk 1:22:47]} Nf6 {[%clk
1:29:44]} 10. Nc3 {[%clk 1:23:10]} g6 {[%clk 1:26:00]} 11. Bg5 {[%clk 1:16:43]}
Bg7 {[%clk 1:26:13]} 12. Qd2 {[%clk 1:13:00]} O-O {[%clk 1:26:05]} 13. Rac1
{[%clk 1:07:29]} Re8 {[%clk 0:53:37]} 14. Nd5 {[%clk 0:51:01]} Nd7 {[%clk
0:47:48]} 15. b3 {[%clk 0:43:49]} Nc5 {[%clk 0:47:28]} 16. Rcd1 {[%clk 0:40:44]}
Bd7 {[%clk 0:40:33]} 17. Bh6 {[%clk 0:32:40]} Bh8 {[%clk 0:35:37]} 18. Qb4 {[%clk
0:26:46]} Bc6 {[%clk 0:15:08]} 19. f3 {[%clk 0:17:07]} Be5 {[%clk 0:10:07]} 20.
Qb6 {[%clk 0:14:03]} Bxd5 {[%clk 0:05:27]} 21. Qxd8 {[%clk 0:14:11]} Rexd8 {[%clk
0:05:39]} 22. exd5 {[%clk 0:09:59]} Bf6 {[%clk 0:06:02]} 23. Be3 {[%clk 0:08:58]}
h5 {[%clk 0:06:12]} 24. Rb1 {[%clk 0:05:42]} Re8 {[%clk 0:05:26]} 25. Red1 {[%clk
0:04:57]} Kg7 {[%clk 0:05:16]} 26. Kf2 {[%clk 0:05:02]} Be5 {[%clk 0:04:46]} 27.
h3 {[%clk 0:04:23]} Bf6 {[%clk 0:04:48]} 28. Ne2 {[%clk 0:03:00]} Nd7 {[%clk
0:03:58]} 29. Bd4 {[%clk 0:02:53]} b5 {[%clk 0:03:21]} 30. Rdc1 {[%clk 0:02:07]}
bxc4 {[%clk 0:03:38]} 31. Rxc4 {[%clk 0:01:42]} Bxd4+ {[%clk 0:03:13]} 32. Nxd4
{[%clk 0:01:19]} Nb6 {[%clk 0:03:38]} 33. Rc6 {[%clk 0:01:00]} Nxd5 {[%clk
0:03:50]} 34. Rxa6 {[%clk 0:01:05]} e5 {[%clk 0:03:43]} 35. Nc6 {[%clk 0:00:40]}
1/2-1/2

[Event "Greek Team Championship"]
[Site "chess24.com"]
[Date "2017.07.03"]
[Round "1"]
[White "Iordanidou, Zoi"]
[Black "Tomara, Ioanna"]
[Result "1-0"]
[Board "5"]
[WhiteElo "2069"]
[WhiteCountry "GRE"]
[WhiteFideId "4209192"]
[WhiteEloChange "2"]
[BlackElo "1007"]
[BlackCountry "GRE"]
[BlackFideId "25834940"]
[BlackEloChange "-2"]

1. e4 {[%clk 1:30:57]} e5 {[%clk 1:30:50]} 2. Nf3 {[%clk 1:31:19]} Nc6 {[%clk
1:31:14]} 3. Bc4 {[%clk 1:31:41]} Bc5 {[%clk 1:31:28]} 4. c3 {[%clk 1:31:55]} Nf6
{[%clk 1:31:36]} 5. d3 {[%clk 1:32:16]} h6 {[%clk 1:30:14]} 6. O-O {[%clk
1:30:57]} d6 {[%clk 1:28:23]} 7. Nbd2 {[%clk 1:26:28]} O-O {[%clk 1:26:40]} 8. h3
{[%clk 1:21:44]} Re8 {[%clk 1:24:47]} 9. Re1 {[%clk 1:18:03]} d5 {[%clk 1:22:12]}
10. exd5 {[%clk 1:15:29]} Nxd5 {[%clk 1:21:35]} 11. Ne4 {[%clk 1:15:49]} Bf5
{[%clk 1:17:53]} 12. Nxc5 {[%clk 1:15:55]} a5 {[%clk 1:12:41]} 13. Nxb7 {[%clk
1:16:06]} Qd7 {[%clk 1:09:28]} 14. Nc5 {[%clk 1:15:38]} Qd8 {[%clk 1:06:39]} 15.
Qa4 {[%clk 1:14:45]} Nb8 {[%clk 1:02:59]} 16. Bxd5 {[%clk 1:13:11]} 1-0

[Event "Greek Team Championship"]
[Site "chess24.com"]
[Date "2017.07.03"]
[Round "1"]
[White "Anthopoulou, Ioanna"]
[Black "Nikolakopoulou, Eleni"]
[Result "1-0"]
[Board "7"]
[WhiteElo "1333"]
[WhiteCountry "GRE"]
[WhiteFideId "4248040"]
[WhiteEloChange "4"]
[BlackElo "1065"]
[BlackCountry "GRE"]
[BlackFideId "25826620"]
[BlackEloChange "-4"]

1. e4 {[%clk 1:30:55]} c5 {[%clk 1:30:53]} 2. Nc3 {[%clk 1:31:14]} d6 {[%clk
1:31:04]} 3. f4 {[%clk 1:31:29]} e6 {[%clk 1:30:10]} 4. Nf3 {[%clk 1:31:32]} Nc6
{[%clk 1:29:29]} 5. Bc4 {[%clk 1:29:27]} a6 {[%clk 1:27:41]} 6. a4 {[%clk
1:27:25]} Qc7 {[%clk 1:25:59]} 7. d3 {[%clk 1:25:20]} Nf6 {[%clk 1:24:23]} 8. O-O
{[%clk 1:23:18]} Be7 {[%clk 1:24:22]} 9. Ne2 {[%clk 1:04:38]} O-O {[%clk
1:23:52]} 10. Ng3 {[%clk 1:03:42]} Rd8 {[%clk 1:20:34]} 11. Bb3 {[%clk 0:59:55]}
e5 {[%clk 1:18:52]} 12. f5 {[%clk 0:59:15]} d5 {[%clk 1:17:59]} 13. Qe2 {[%clk
0:53:14]} dxe4 {[%clk 1:15:24]} 14. dxe4 {[%clk 0:50:28]} Nd4 {[%clk 1:13:55]}
15. Nxd4 {[%clk 0:49:59]} cxd4 {[%clk 1:14:09]} 16. Nh5 {[%clk 0:43:17]} Nxh5
{[%clk 1:12:40]} 17. Qxh5 {[%clk 0:43:26]} Bc5 {[%clk 1:09:41]} 18. Kh1 {[%clk
0:42:31]} Rf8 {[%clk 1:09:01]} 19. Bg5 {[%clk 0:38:14]} Kh8 {[%clk 1:03:34]} 20.
Rf3 {[%clk 0:35:50]} Qc6 {[%clk 1:00:45]} 21. Rh3 {[%clk 0:35:27]} h6 {[%clk
1:00:28]} 22. Bxf7 {[%clk 0:33:45]} Qxe4 {[%clk 0:58:22]} 23. Bxh6 {[%clk
0:30:45]} Bxf5 {[%clk 0:56:38]} 24. Bf4+ {[%clk 0:27:00]} Bh7 {[%clk 0:56:06]}
25. Bg6 {[%clk 0:27:13]} Qxg6 {[%clk 0:55:22]} 26. Qxg6 {[%clk 0:27:32]} Kg8
{[%clk 0:55:39]} 27. Qxh7+ {[%clk 0:27:50]} Kf7 {[%clk 0:56:03]} 28. Bxe5 {[%clk
0:27:55]} Rg8 {[%clk 0:55:04]} 29. Rf3+ {[%clk 0:27:30]} Ke6 {[%clk 0:53:58]} 30.
Bxg7 {[%clk 0:27:35]} Kd6 {[%clk 0:53:24]} 31. Rf6+ {[%clk 0:26:55]} Kd5 {[%clk
0:53:01]} 32. Qf5+ {[%clk 0:26:57]} Kc4 {[%clk 0:53:21]} 33. Qe6+ {[%clk
0:25:42]} Kb4 {[%clk 0:53:31]} 34. c3+ {[%clk 0:25:59]} dxc3 {[%clk 0:52:56]} 35.
bxc3+ {[%clk 0:26:20]} Ka5 {[%clk 0:52:49]} 36. Rf5 {[%clk 0:25:36]} b6 {[%clk
0:52:30]} 37. Bd4 {[%clk 0:25:35]} Rae8 {[%clk 0:51:45]} 38. Qc4 {[%clk 0:24:54]}
Rc8 {[%clk 0:50:53]} 39. Bxc5 {[%clk 0:25:02]} bxc5 {[%clk 0:50:57]} 40. Rxc5+
{[%clk 0:55:13]} Rxc5 {[%clk 1:20:57]} 41. Qxc5# {[%clk 0:55:34]} 1-0

[Event "Greek Team Championship"]
[Site "chess24.com"]
[Date "2017.07.03"]
[Round "1"]
[White "Dalianis, Georgios"]
[Black "Nikolaou, Spiridon"]
[Result "0-1"]
[Board "8"]
[WhiteElo "1592"]
[WhiteCountry "GRE"]
[WhiteFideId "4271394"]
[WhiteEloChange "-2"]
[BlackElo "2231"]
[BlackCountry "GRE"]
[BlackFideId "4264398"]
[BlackEloChange "2"]

1. e4 {[%clk 1:30:55]} e5 {[%clk 1:13:16]} 2. Nf3 {[%clk 1:30:47]} Nc6 {[%clk
1:13:39]} 3. Bc4 {[%clk 1:31:04]} Nf6 {[%clk 1:14:04]} 4. d3 {[%clk 1:31:27]} Be7
{[%clk 1:14:30]} 5. O-O {[%clk 1:31:40]} O-O {[%clk 1:14:55]} 6. c3 {[%clk
1:31:37]} d5 {[%clk 1:15:21]} 7. exd5 {[%clk 1:31:48]} Nxd5 {[%clk 1:15:44]} 8.
h3 {[%clk 1:31:30]} Nb6 {[%clk 1:14:28]} 9. Bb3 {[%clk 1:31:34]} Bf5 {[%clk
1:02:20]} 10. Re1 {[%clk 1:18:49]} Bf6 {[%clk 1:00:58]} 11. Bc2 {[%clk 1:15:30]}
Qd7 {[%clk 0:55:01]} 12. Bg5 {[%clk 1:00:22]} Bxg5 {[%clk 0:49:49]} 13. Nxg5
{[%clk 1:00:31]} Rad8 {[%clk 0:44:23]} 14. Ne4 {[%clk 0:55:27]} Nd5 {[%clk
0:39:54]} 15. Qf3 {[%clk 0:51:43]} Bg6 {[%clk 0:38:55]} 16. Na3 {[%clk 0:50:47]}
Qe7 {[%clk 0:33:07]} 17. Rad1 {[%clk 0:50:06]} f5 {[%clk 0:32:22]} 18. Ng3 {[%clk
0:50:02]} Nxc3 {[%clk 0:28:42]} 19. Bb3+ {[%clk 0:45:42]} Kh8 {[%clk 0:29:07]}
20. bxc3 {[%clk 0:45:16]} Qxa3 {[%clk 0:29:28]} 21. Bd5 {[%clk 0:43:12]} Be8
{[%clk 0:06:02]} 22. Rb1 {[%clk 0:40:26]} Qxc3 {[%clk 0:05:07]} 23. Ne2 {[%clk
0:37:15]} Qc5 {[%clk 0:04:46]} 24. Bc4 {[%clk 0:36:30]} e4 {[%clk 0:02:36]} 25.
Qg3 {[%clk 0:36:07]} exd3 {[%clk 0:00:48]} 26. Bxd3 {[%clk 0:36:15]} Qd6 {[%clk
0:00:50]} 27. Nf4 {[%clk 0:35:02]} Nd4 {[%clk 0:00:45]} 28. Rxb7 {[%clk 0:31:31]}
g5 {[%clk 0:00:54]} 29. Ne2 {[%clk 0:28:50]} f4 {[%clk 0:00:38]} 30. Qh2 {[%clk
0:23:25]} Bc6 {[%clk 0:00:47]} 31. Rxa7 {[%clk 0:22:39]} Nxe2+ {[%clk 0:01:06]}
32. Bxe2 {[%clk 0:22:39]} Qd2 {[%clk 0:01:34]} 33. Kf1 {[%clk 0:21:55]} Qxe2+
{[%clk 0:01:50]} 34. Kxe2 {[%clk 0:21:26]} Rfe8+ {[%clk 0:02:17]} 0-1

[Event "Greek Team Championship"]
[Site "chess24.com"]
[Date "2017.07.03"]
[Round "1"]
[White "Michaelides, Konstantinos"]
[Black "Argyropoulos, Theodoros"]
[Result "1-0"]
[Board "9"]
[WhiteElo "2046"]
[WhiteTitle "CM"]
[WhiteCountry "CYP"]
[WhiteFideId "5901871"]
[WhiteEloChange "2"]
[BlackElo "1629"]
[BlackCountry "GRE"]
[BlackFideId "4264851"]
[BlackEloChange "-2"]

1. e4 {[%clk 1:30:55]} e5 {[%clk 1:30:50]} 2. Nf3 {[%clk 1:31:14]} Nc6 {[%clk
1:31:15]} 3. Bc4 {[%clk 1:31:22]} Bc5 {[%clk 1:28:34]} 4. O-O {[%clk 1:31:25]}
Nf6 {[%clk 1:28:08]} 5. d3 {[%clk 1:31:48]} O-O {[%clk 1:27:46]} 6. Bg5 {[%clk
1:31:41]} d6 {[%clk 1:11:08]} 7. Nc3 {[%clk 1:30:05]} Be6 {[%clk 1:09:59]} 8. Nd5
{[%clk 1:26:54]} Bxd5 {[%clk 1:03:09]} 9. Bxd5 {[%clk 1:26:54]} Ne7 {[%clk
0:54:56]} 10. Bxf6 {[%clk 1:10:25]} gxf6 {[%clk 0:54:54]} 11. Bxb7 {[%clk
1:10:46]} Rb8 {[%clk 0:54:46]} 12. Bd5 {[%clk 1:11:04]} Nxd5 {[%clk 0:54:21]} 13.
exd5 {[%clk 1:11:29]} Rxb2 {[%clk 0:46:37]} 14. Nd2 {[%clk 1:09:53]} Rb7 {[%clk
0:40:04]} 15. Qh5 {[%clk 1:05:26]} Kg7 {[%clk 0:29:56]} 16. Ne4 {[%clk 1:01:43]}
Qd7 {[%clk 0:24:58]} 17. Qxh7+ {[%clk 0:59:13]} Kxh7 {[%clk 0:25:02]} 18. Nxf6+
{[%clk 0:59:38]} Kg6 {[%clk 0:24:41]} 19. Nxd7 {[%clk 0:59:57]} Rd8 {[%clk
0:25:01]} 20. Nxc5 {[%clk 0:59:44]} dxc5 {[%clk 0:25:29]} 21. Rab1 {[%clk
0:58:57]} Rxb1 {[%clk 0:20:11]} 22. Rxb1 {[%clk 0:59:21]} Rxd5 {[%clk 0:20:38]}
23. Kf1 {[%clk 0:54:36]} c4 {[%clk 0:16:23]} 24. dxc4 {[%clk 0:40:30]} Ra5 {[%clk
0:13:38]} 25. Rb2 {[%clk 0:39:44]} Ra4 {[%clk 0:13:22]} 26. c5 {[%clk 0:39:14]}
Rc4 {[%clk 0:11:09]} 27. Ke2 {[%clk 0:27:02]} Rxc5 {[%clk 0:08:42]} 28. Kd3
{[%clk 0:26:15]} f5 {[%clk 0:06:35]} 29. c4 {[%clk 0:24:06]} Ra5 {[%clk 0:05:12]}
30. Kc3 {[%clk 0:22:44]} c5 {[%clk 0:04:42]} 31. Kb3 {[%clk 0:13:47]} Ra6 {[%clk
0:01:57]} 32. Rd2 {[%clk 0:12:46]} Kf6 {[%clk 0:01:42]} 33. Rd5 {[%clk 0:10:38]}
Rb6+ {[%clk 0:01:28]} 34. Kc3 {[%clk 0:10:41]} Ra6 {[%clk 0:01:46]} 35. Kb2
{[%clk 0:10:40]} Rb6+ {[%clk 0:01:49]} 36. Ka1 {[%clk 0:11:06]} Rc6 {[%clk
0:01:18]} 37. a3 {[%clk 0:10:45]} e4 {[%clk 0:01:07]} 38. g3 {[%clk 0:10:42]} Kg5
{[%clk 0:00:35]} 39. h3 {[%clk 0:10:50]} Kf6 {[%clk 0:00:34]} 40. Ka2 {[%clk
0:40:30]} a6 {[%clk 0:30:47]} 41. Kb3 {[%clk 0:37:48]} Rb6+ {[%clk 0:19:46]} 42.
Kc2 {[%clk 0:38:02]} Rc6 {[%clk 0:18:05]} 43. Kd2 {[%clk 0:35:08]} Rb6 {[%clk
0:16:11]} 44. Rxc5 {[%clk 0:35:16]} Rb2+ {[%clk 0:16:35]} 45. Ke1 {[%clk
0:35:16]} Rb1+ {[%clk 0:16:03]} 46. Ke2 {[%clk 0:34:44]} Rb2+ {[%clk 0:16:05]}
47. Kf1 {[%clk 0:33:26]} Rb1+ {[%clk 0:16:21]} 48. Kg2 {[%clk 0:31:15]} Rc1
{[%clk 0:14:14]} 49. Rc6+ {[%clk 0:28:59]} Ke5 {[%clk 0:13:15]} 50. h4 {[%clk
0:29:01]} Rc2 {[%clk 0:05:43]} 51. Kf1 {[%clk 0:24:40]} Rc1+ {[%clk 0:03:55]} 52.
Ke2 {[%clk 0:24:50]} Rc2+ {[%clk 0:04:17]} 53. Ke1 {[%clk 0:25:03]} Rc3 {[%clk
0:02:51]} 54. a4 {[%clk 0:21:43]} f4 {[%clk 0:02:26]} 55. gxf4+ {[%clk 0:13:46]}
Kxf4 {[%clk 0:02:45]} 56. h5 {[%clk 0:14:00]} e3 {[%clk 0:02:22]} 57. fxe3+
{[%clk 0:13:43]} Kxe3 {[%clk 0:02:43]} 58. Kd1 {[%clk 0:13:24]} Ra3 {[%clk
0:02:31]} 59. Rxa6 {[%clk 0:07:19]} Kd3 {[%clk 0:02:58]} 60. Ke1 {[%clk 0:07:18]}
Kxc4 {[%clk 0:03:13]} 61. h6 {[%clk 0:07:12]} Rh3 {[%clk 0:03:03]} 62. Kf2 {[%clk
0:07:31]} Kd4 {[%clk 0:02:58]} 63. Kg2 {[%clk 0:07:42]} Rh5 {[%clk 0:03:07]} 64.
Kf3 {[%clk 0:07:43]} Rh1 {[%clk 0:03:08]} 65. Kf4 {[%clk 0:07:46]} Kd5 {[%clk
0:02:37]} 66. Kf5 {[%clk 0:08:05]} Rh4 {[%clk 0:02:38]} 67. Kg6 {[%clk 0:08:03]}
Ke5 {[%clk 0:02:56]} 68. h7 {[%clk 0:07:35]} Rg4+ {[%clk 0:02:35]} 69. Kh5 {[%clk
0:07:58]} Rg1 {[%clk 0:02:50]} 1-0

[Event "Greek Team Championship"]
[Site "chess24.com"]
[Date "2017.07.03"]
[Round "1"]
[White "Stefanou, Konstantinos"]
[Black "Gavalakis, Dimitrios"]
[Result "1-0"]
[Board "10"]
[WhiteElo "1439"]
[WhiteCountry "GRE"]
[WhiteFideId "25825003"]
[WhiteEloChange "3"]
[BlackElo "1149"]
[BlackCountry "GRE"]
[BlackFideId "25843575"]
[BlackEloChange "-3"]

1. d4 {[%clk 1:30:57]} d5 {[%clk 1:30:53]} 2. Nf3 {[%clk 1:31:16]} Nf6 {[%clk
1:31:16]} 3. g3 {[%clk 1:31:39]} e6 {[%clk 1:31:12]} 4. Bg2 {[%clk 1:31:49]} Nbd7
{[%clk 1:29:11]} 5. O-O {[%clk 1:29:43]} Bd6 {[%clk 1:27:05]} 6. c4 {[%clk
1:29:43]} c6 {[%clk 1:27:05]} 7. Qc2 {[%clk 1:28:45]} b6 {[%clk 1:18:45]} 8. Nbd2
{[%clk 1:25:30]} O-O {[%clk 1:16:39]} 9. e4 {[%clk 1:14:15]} dxe4 {[%clk
1:06:09]} 10. Nxe4 {[%clk 1:13:07]} Qc7 {[%clk 0:58:27]} 11. Nxd6 {[%clk
1:11:37]} Qxd6 {[%clk 0:58:38]} 12. Bf4 {[%clk 1:12:02]} Qe7 {[%clk 0:57:43]} 13.
Ne5 {[%clk 1:03:31]} Bb7 {[%clk 0:52:57]} 14. Nxc6 {[%clk 0:58:43]} Bxc6 {[%clk
0:52:03]} 15. Bxc6 {[%clk 0:57:39]} Rac8 {[%clk 0:47:45]} 16. Bxd7 {[%clk
0:56:48]} Qxd7 {[%clk 0:46:18]} 17. Qd3 {[%clk 0:48:28]} Rc5 {[%clk 0:43:22]} 18.
Rfd1 {[%clk 0:43:54]} Rh5 {[%clk 0:43:22]} 19. Qf3 {[%clk 0:42:58]} Rc8 {[%clk
0:31:37]} 20. Rac1 {[%clk 0:42:58]} h6 {[%clk 0:31:01]} 21. Be5 {[%clk 0:38:41]}
Rf5 {[%clk 0:27:40]} 22. Qe2 {[%clk 0:38:38]} Qc6 {[%clk 0:23:11]} 23. Bxf6
{[%clk 0:38:24]} Rxf6 {[%clk 0:22:20]} 24. Rc3 {[%clk 0:38:02]} Rf5 {[%clk
0:15:52]} 25. Qd3 {[%clk 0:34:04]} Rd8 {[%clk 0:13:26]} 26. d5 {[%clk 0:33:17]}
Qc5 {[%clk 0:12:17]} 27. Qe3 {[%clk 0:28:32]} Qxe3 {[%clk 0:12:24]} 28. fxe3
{[%clk 0:28:57]} exd5 {[%clk 0:12:41]} 29. Rcd3 {[%clk 0:28:09]} Kf8 {[%clk
0:11:22]} 30. e4 {[%clk 0:28:33]} Re5 {[%clk 0:11:22]} 31. exd5 {[%clk 0:28:31]}
Ke7 {[%clk 0:11:13]} 32. Kf2 {[%clk 0:28:48]} Kd6 {[%clk 0:09:16]} 33. Re3 {[%clk
0:27:39]} Rh5 {[%clk 0:08:38]} 34. h4 {[%clk 0:27:11]} g5 {[%clk 0:08:09]} 35.
Rf3 {[%clk 0:24:09]} Rf8 {[%clk 0:07:31]} 36. hxg5 {[%clk 0:24:21]} hxg5 {[%clk
0:07:45]} 37. Ke3 {[%clk 0:24:18]} g4 {[%clk 0:06:50]} 38. Rf4 {[%clk 0:24:02]}
Re5+ {[%clk 0:05:25]} 39. Kd4 {[%clk 0:24:13]} f5 {[%clk 0:04:45]} 40. b4 {[%clk
0:54:12]} Rfe8 {[%clk 0:34:28]} 41. c5+ {[%clk 0:54:30]} Kd7 {[%clk 0:33:26]} 42.
Kc4 {[%clk 0:54:32]} Re4+ {[%clk 0:30:40]} 43. Rd4 {[%clk 0:54:54]} Re2 {[%clk
0:30:11]} 44. Rxf5 {[%clk 0:54:58]} Rxa2 {[%clk 0:29:22]} 45. Rxg4 {[%clk
0:53:10]} 1-0

[Event "Greek Team Championship"]
[Site "chess24.com"]
[Date "2017.07.03"]
[Round "1"]
[White "Balaskas, Nikolaos"]
[Black "Georgiev, Kiril"]
[Result "0-1"]
[Board "1"]
[WhiteElo "2160"]
[WhiteCountry "GRE"]
[WhiteFideId "4201434"]
[WhiteEloChange "-2"]
[BlackElo "2640"]
[BlackTitle "GM"]
[BlackCountry "BUL"]
[BlackFideId "2900017"]
[BlackEloChange "1"]

1. e4 {[%clk 1:30:52]} c5 {[%clk 1:30:40]} 2. Nf3 {[%clk 1:31:08]} d6 {[%clk
1:30:40]} 3. d3 {[%clk 1:30:59]} Nc6 {[%clk 1:30:43]} 4. g3 {[%clk 1:31:24]} g6
{[%clk 1:31:03]} 5. Bg2 {[%clk 1:31:50]} Bg7 {[%clk 1:31:25]} 6. O-O {[%clk
1:31:32]} Nf6 {[%clk 1:31:34]} 7. h3 {[%clk 1:29:29]} O-O {[%clk 1:31:17]} 8. Nc3
{[%clk 1:28:40]} Rb8 {[%clk 1:31:11]} 9. a4 {[%clk 1:28:00]} a6 {[%clk 1:31:28]}
10. Be3 {[%clk 1:28:00]} b5 {[%clk 1:31:28]} 11. axb5 {[%clk 1:24:56]} axb5
{[%clk 1:31:49]} 12. Qd2 {[%clk 1:24:35]} b4 {[%clk 1:31:11]} 13. Ne2 {[%clk
1:24:20]} Re8 {[%clk 1:26:30]} 14. Nh2 {[%clk 1:15:03]} Nd7 {[%clk 1:22:17]} 15.
Rab1 {[%clk 1:09:03]} Nd4 {[%clk 1:15:35]} 16. b3 {[%clk 0:56:57]} Bb7 {[%clk
1:10:38]} 17. f4 {[%clk 0:53:28]} e6 {[%clk 1:09:31]} 18. Nf3 {[%clk 0:42:26]}
Nxf3+ {[%clk 1:08:02]} 19. Bxf3 {[%clk 0:40:57]} d5 {[%clk 1:07:44]} 20. Bg2
{[%clk 0:33:20]} dxe4 {[%clk 0:59:16]} 21. dxe4 {[%clk 0:32:36]} Qc7 {[%clk
0:59:20]} 22. e5 {[%clk 0:23:11]} Bxg2 {[%clk 0:57:27]} 23. Kxg2 {[%clk 0:23:40]}
Red8 {[%clk 0:57:30]} 24. Qc1 {[%clk 0:10:33]} f6 {[%clk 0:54:45]} 25. exf6
{[%clk 0:09:57]} Nxf6 {[%clk 0:54:59]} 26. Kh2 {[%clk 0:07:13]} Ra8 {[%clk
0:53:52]} 27. Rd1 {[%clk 0:05:04]} Nd5 {[%clk 0:53:52]} 28. Rd3 {[%clk 0:03:14]}
Ra2 {[%clk 0:52:58]} 29. Qd2 {[%clk 0:02:11]} c4 {[%clk 0:51:01]} 30. bxc4 {[%clk
0:02:40]} Qxc4 {[%clk 0:51:20]} 31. Nd4 {[%clk 0:01:11]} Nxe3 {[%clk 0:50:36]}
0-1

[Event "Greek Team Championship"]
[Site "chess24.com"]
[Date "2017.07.03"]
[Round "1"]
[White "Managadze, Nikoloz"]
[Black "Kalogridakis, Georgios"]
[Result "1-0"]
[Board "2"]
[WhiteElo "2454"]
[WhiteTitle "IM"]
[WhiteCountry "GEO"]
[WhiteFideId "13600575"]
[WhiteEloChange "1"]
[BlackElo "2116"]
[BlackCountry "GRE"]
[BlackFideId "4249666"]
[BlackEloChange "-3"]

1. Nf3 {[%clk 1:30:51]} Nf6 {[%clk 1:30:55]} 2. c4 {[%clk 1:31:14]} c5 {[%clk
1:31:17]} 3. d4 {[%clk 1:30:55]} cxd4 {[%clk 1:31:30]} 4. Nxd4 {[%clk 1:31:19]}
Nc6 {[%clk 1:31:24]} 5. Nc3 {[%clk 1:31:41]} e6 {[%clk 1:31:49]} 6. g3 {[%clk
1:31:12]} Bb4 {[%clk 1:23:45]} 7. Bg2 {[%clk 1:30:09]} O-O {[%clk 1:20:03]} 8.
O-O {[%clk 1:29:56]} d5 {[%clk 1:11:30]} 9. cxd5 {[%clk 1:24:45]} Nxd5 {[%clk
1:02:40]} 10. Nxd5 {[%clk 1:19:12]} exd5 {[%clk 1:02:53]} 11. Be3 {[%clk
1:19:33]} Be6 {[%clk 0:59:22]} 12. Qb3 {[%clk 1:17:04]} Qe7 {[%clk 0:53:11]} 13.
Rac1 {[%clk 1:10:21]} Rfd8 {[%clk 0:37:07]} 14. Rxc6 {[%clk 1:07:44]} bxc6 {[%clk
0:36:49]} 15. Nxc6 {[%clk 1:08:09]} Qd6 {[%clk 0:30:55]} 16. Nxd8 {[%clk
1:03:17]} Rxd8 {[%clk 0:31:20]} 17. Bxa7 {[%clk 1:02:31]} Ra8 {[%clk 0:25:14]}
18. Bd4 {[%clk 1:02:14]} Bc5 {[%clk 0:24:15]} 19. Rd1 {[%clk 1:02:06]} Bxd4
{[%clk 0:23:35]} 20. Rxd4 {[%clk 1:02:29]} Qc5 {[%clk 0:23:16]} 21. e3 {[%clk
1:01:46]} Rd8 {[%clk 0:16:36]} 22. Qd1 {[%clk 1:01:48]} h6 {[%clk 0:14:46]} 23.
e4 {[%clk 1:00:51]} Qb6 {[%clk 0:14:52]} 24. b3 {[%clk 0:59:02]} Qa5 {[%clk
0:11:32]} 25. exd5 {[%clk 0:58:49]} Bf5 {[%clk 0:11:50]} 26. Qd2 {[%clk 0:58:49]}
Qxd2 {[%clk 0:11:49]} 27. Rxd2 {[%clk 0:59:14]} Kf8 {[%clk 0:12:09]} 28. d6
{[%clk 0:59:32]} Rc8 {[%clk 0:11:44]} 29. d7 {[%clk 0:59:14]} Rd8 {[%clk
0:12:12]} 30. Bc6 {[%clk 0:59:38]} Ke7 {[%clk 0:12:30]} 31. a4 {[%clk 1:00:01]}
Rb8 {[%clk 0:12:34]} 32. b4 {[%clk 1:00:10]} Kd8 {[%clk 0:12:41]} 33. b5 {[%clk
1:00:33]} Kc7 {[%clk 0:12:34]} 34. a5 {[%clk 1:00:57]} Rd8 {[%clk 0:12:41]} 35.
f3 {[%clk 1:00:49]} Be6 {[%clk 0:12:39]} 36. Kf2 {[%clk 1:01:11]} g5 {[%clk
0:13:03]} 37. Ke3 {[%clk 1:01:35]} f6 {[%clk 0:13:07]} 38. Kd4 {[%clk 1:01:55]}
Bxd7 {[%clk 0:13:26]} 39. Kc5 {[%clk 1:02:19]} 1-0